Statistics for City to Country

Click here to take the quiz!

General Stats

  • This quiz has been taken 8 times
  • The average score is 52 of 80

Answer Stats

QuestionTileSelect% Correct
East TimorBanguiNo
100%
CambodiaBeijingNo
100%
ParaguayBogotaNo
100%
HungaryBratislavaNo
100%
HungaryBudapestYes
100%
ParaguayBuenos AiresNo
100%
East TimorCaliNo
100%
CambodiaDekaNo
100%
ParaguayHavanaNo
100%
East TimorIhosyNo
100%
HungaryKharkivNo
100%
EthiopiaKolkataNo
100%
East TimorKuala LumpurNo
100%
ParaguayLimaNo
100%
ParaguayManaguaNo
100%
East TimorMelalaNo
100%
ParaguayNassauNo
100%
EthiopiaPhilipstownNo
100%
ParaguayQuitoNo
100%
HungaryRigaNo
100%
ParaguaySantiagoNo
100%
ParaguaySao PauloNo
100%
HungaryTallinnNo
100%
HungaryWarsawNo
100%
EthiopiaXuddurNo
100%
EthiopiaAsmaraNo
80%
ParaguayAsuncionYes
80%
HungaryBrnoNo
80%
East TimorColumboNo
80%
EthiopiaGafsaNo
80%
EthiopiaGalafiNo
80%
EthiopiaHattonNo
80%
CambodiaKalispellNo
80%
EthiopiaLaeNo
80%
CambodiaPhnom PenhYes
80%
EthiopiaSafiNo
80%
CambodiaSokNo
80%
CambodiaTouverNo
80%
CambodiaUlaanbaatarNo
80%
East TimorUmareseNo
80%
CambodiaVientianeNo
80%
East TimorWehoorNo
80%
EthiopiaAddis AbabaYes
60%
CambodiaAngkorYes
60%
ParaguayCiudad del EsteYes
60%
EthiopiaHararYes
60%
HungaryKosiceNo
60%
CambodiaKrong KampotYes
60%
HungaryLajosmizseYes
60%
CambodiaLuang PrabangNo
60%
HungaryNagykanizsaYes
60%
HungaryOradeaNo
60%
HungarySuboticaNo
60%
HungarySzolnokYes
60%
East TimorTimor CityNo
60%
East TimorAileuYes
40%
HungaryBékéscsabaYes
40%
East TimorDiliYes
40%
ParaguayEncarnacionYes
40%
CambodiaKrong Siem ReapYes
40%
ParaguayLa PerdicionYes
40%
ParaguayLuqueYes
40%
HungaryPaksYes
40%
CambodiaPreah SihanoukYes
40%
ParaguaySan RafaelYes
40%
CambodiaBanlungYes
20%
East TimorBaucauYes
20%
ParaguayDematteiYes
20%
EthiopiaHaggariYes
20%
East TimorLospalosYes
20%
EthiopiaTeppiYes
20%
EthiopiaBododaYes
0%
HungaryErdYes
0%
EthiopiaGambelaYes
0%
East TimorMalianaYes
0%
CambodiaPailin ProvinceYes
0%
East TimorSameYes
0%
CambodiaSisophonYes
0%
East TimorSuaiYes
0%
EthiopiaToriYes
0%

Score Distribution

Percentile by Number Answered

Percent of People with Each Score

Your Score History

You have not taken this quiz